00410cam a2200157ua 45000010005000000080039000050400009000440820011000531000025000642450049000892500009001382600039001473000017001866530014002036530035002171970110811n ii |||gr||||Z||||||eng cMAIN a153.15 aLaw, N. N.,eAuthor.1 aPromotion of learning in indiacby N. N. Law a1st. aNew Delhi:bCosmo publication,992. a156p:c23cm. aEducation aPromotion of learning in india